Principi sulla interpretazione dei negozi giuridici

Enregistré dans:
Détails bibliographiques
Auteur principal: Mosco, Luigi (autore)
Format: Livre
Langue:italien
Publié: Nápoles Jovene 1952
Sujets:
Tags: Ajouter un tag
Pas de tags, Soyez le premier à ajouter un tag!

MARC

LEADER 00000nam a2200000 a 4500
001 UCV2737
003 CL-VaPUC
008 921103e19520000IT |||||||||||||||||ita|d
082 0 4 |a 346.02  |b MOS  |2 21 
100 |a Mosco, Luigi  |e autore  |9 297016 
245 1 0 |a Principi sulla interpretazione dei negozi giuridici 
300 |a 163 p 
942 |c BK 
945 |d 19921103 00:00:00 
260 |a Nápoles  |b Jovene  |c 1952 
650 0 |a Negocio jurídico  |9 258242 
650 0 |a Contratos  |9 255153 
650 0 |a Derecho privado  |9 258243 
650 7 |a INTERPRETACION DEL DERECHO  |2 CL-VaPUC  |9 297017 
583 |a last modification  |c 19921103 00:00:00  |k Rodrigo Vera 
999 |c 210237  |d 210235 
952 |0 0  |1 0  |4 0  |6 346_020000000000000_MOS_1952  |7 0  |8 A  |9 186321  |a BIBDER  |b BIBDER  |d 2019-11-14  |i 2537885  |o 346.02 MOS 1952  |p 2537885  |r 2023-01-25  |w 2019-11-14  |y BK  |k DER